| 000 | 00474nam a2200181Ia 4500 | ||
|---|---|---|---|
| 008 | 220531s9999 xx 000 0 und d | ||
| 020 | _a978-93-83678-99-0 | ||
| 041 | _aeng | ||
| 100 |
_aअंतरकर, आनंद _985973 |
||
| 245 | _aएक धारवाडी कहाणी | ||
| 250 | _a1 st | ||
| 260 |
_aPune _bMagestic _c2015 |
||
| 300 | _a175 | ||
| 542 | _d06-01-2021 | ||
| 650 |
_aGenral _985974 |
||
| 906 |
_d2020-2021 _f19197 |
||
| 999 |
_c47231 _d47231 |
||